000 00692nam a2200265 a 4500
003 AR-BaBNM
005 20251128204855.0
008 082120s2002 ||||||||||||||000 | spa||
040 _cAR-BaBNM
100 1 _aBarnatán, Clara Alcira
245 0 0 _aSimbología existencial de la expresión artística
260 _aMontevideo
_bEl Autor
_c1990
300 _a47 p.
500 _aContiene índice general
650 4 _aPOESIA
650 4 _aEXPERIENCIA RELIGIOSA
650 4 _aMISTICISMO
650 4 _aLITERATURA CONTEMPORANEA
650 4 _aANALISIS LITERARIO
650 4 _aENSAYO
655 _aLITERATURA
700 1 _aPaz, Octavio
_eprologuista
942 _cBK
998 _cisola
999 _c9139
_d9139